000
00262nam a2200109Ia 4500
008
230907s9999||||xx |||||||||||||| ||und||
082
_a
364.941
_b
HIS
245
0
_a
Histories of crime :
260
_a
Palgrave,
_b
New York :
_c
2010
300
_a
218 p.
942
_c
BK
999
_c
600148
_d
600148